00881nam a2200241Ia 450000500170000000800410001702000150005810000290007324501150010225000190021730000520023653400390028865000390032765000550036670000200042170000320044126400250047333600270049833700330052533800280055804000350058608400180062120220317000752.0160601s2000 sp a g 000 0 spa  a84790226551 aDu Puy De Goyne, Thierry10aTécnicas de utilización de la moto cThierry du Puy de Goyne, Pierre Dumatre ; traducción Susana Calleja a1a. edición  a128 páginas bilustraciones en color c24 cm  tTechnique d'utilisation de la moto142LEMBaMotocicletas xHerramientas 142LEMBaMotocicletas xMantenimiento y reparación 1 aDumatre, Pierre1 aSusana, Callejaetraductor  aMadrid bTutorc2000 atextobtxt2rdacontent asin mediaciónbn2rdamedia avolumenbnc2rdacarrier aCO-BoRNBPbspaerdacCO-BoRNBP a629.2275 D86t